000 00854nam a2200277Ia 4500
003 OSt
005 20220918163206.0
006 a|||||r|||| 00| 0
007 ta
008 220917b |||||||| |||| 00| 0 eng d
020 _a0 19 580431 7
024 _a252,002
037 _cTextual
040 _aARTS
_cARTS
_beng
041 _2eng
_aeng
082 _aY7435:44.N7, M0
100 _aSnodgrass Donald R
_911882
245 0 _aInequality and economic development in Malaysia
260 _aKuala
_bLumpur Oxford University Press Malaysia
_c1980
300 _axx,326p.
_ccm.
490 _aEast Asian social science monographs
500 _aA study sponsored by the Harvard Institute for International development
650 _aSOCIOLOGY
942 _hY7435:44.N7, M0
_cTEXL
_2CC
999 _c118336
_d118336